LIBRARY & INFORMATION CENTRE, KCAET, TAVANUR

ONLINE PUBLIC ACCESS CATALOGUE (OPAC)

Normal view MARC view
  • Brothers,K R.

Entry Personal Name

Number of records used in: 1

001 - CONTROL NUMBER

  • control field: 4499

003 - CONTROL NUMBER IDENTIFIER

  • control field: OSt

005 - DATE AND TIME OF LATEST TRANSACTION

  • control field: 20191028180402.0

008 - FIXED-LENGTH DATA ELEMENTS

  • fixed length control field: 191028|| aca||aabn | a|a d

040 ## - CATALOGING SOURCE

  • Original cataloging agency: OSt
  • Transcribing agency: OSt

100 ## - HEADING--PERSONAL NAME

  • Personal name: Brothers,K R.

670 ## - SOURCE DATA FOUND

  • Source citation: Work cat.: (OSt): Brothers,K R., Shabdhardha rathnakaram
free website counter